000 00364nam a2200133Ia 4500
008 240624s9999 xx 000 0 und d
041 _aeng
082 _a302 JAH
100 _aJAHODA GUSTAV
245 _aHISTORY OF SOCIAL PSYCHOLOGY FROM THE EI
260 _c2007
_aNew York
_bCambridge University Press
300 _aix, : 242 : p. : cm. ; 25
365 _cGBP
_b29
999 _c22359
_d22359